| 000 | 02669nam a2200373 i 4500 | ||
|---|---|---|---|
| 001 | 000028704 | ||
| 003 | DO-SdBNP | ||
| 005 | 20240409073642.0 | ||
| 007 | ta | ||
| 008 | 101007t1987 dr acd 001 0 spa d | ||
| 040 |
_aDO-SdBNP _bspa _cBNPHU _erda |
||
| 082 | 4 |
_a972.93053 _bC794a 1987 _222 |
|
| 100 | 1 |
_aCordero Michel, José R., _d1931-1959 _946170 |
|
| 245 | 1 | 0 |
_aAnálisis de la Era de Trujillo : _binforme sobre la República Dominicana, 1959 / _cJosé R. Cordero Michel ; prólogo de José Espaillat. |
| 250 | _a5a. edición | ||
| 264 | 1 |
_aSanto Domingo : _bUniversitaria-UASD, _c1987. |
|
| 300 |
_a109 páginas : _bilustraciones y retratos ; _c20 cm. |
||
| 336 |
_2rdacontent _atexto _btxt |
||
| 337 |
_2rdamedia _asin mediación _bn |
||
| 338 |
_2rdacarrier _avolumen _bnc |
||
| 490 | 1 |
_aPublicaciones de la Universidad Autónoma de Santo Domingo _v169 |
|
| 490 | 1 |
_aHistoria y sociedad _v15 |
|
| 500 | _aIncluye referencias bibliográficas y notas al pie de las páginas. | ||
| 504 | _aBibliografía : p. 105-109. | ||
| 505 | 0 |
_aPrólogo/ _rJosé Espaillat -- _gSituación Política : _tInstituciones políticas -- _tBases económicas y sociales del régimen -- _tAlgunos métodos y técnicas de gobierno -- _tEl terror y la vigilancia policíaca -- _tLa propaganda política -- _tEncuadramiento político -- _tSindicatos -- _tOrganizaciones juveniles -- _tOrganizaciones religiosas -- _tActualidad política y situación internacional -- _gSituación Económica : _tLa agricultura -- _tRégimen agrario -- _tProducción agrícola -- _tCapitalización agrícola -- _tCondición del campesinado -- _tIndustria y manufacturas -- _tEl mercado nacional -- _tFormación de capital productivo -- _tInstituciones de desarrollo económico -- _tCondición del proletariado -- _tComercio exterior -- _tFinanzas del Estado -- _tSistema Bancario -- _gSituación Cultural : _tEstructura del sistema de enseñanza -- _tEducación primaria -- _tEducación Secundaria -- _tEducación Superior -- _tEducación Vocacional -- _tEducación de maestros -- _tEducación Fundamental -- _tOrientación de la Enseñanza -- _tLa situación del intelectual. _gConclusiones -- _gBibliografía. |
|
| 590 | _aInventariado, 2020/BT | ||
| 650 | 4 |
_aEducación _zRepública Dominicana _xHistoria _yEra de Trujillo, 1930-1961 _946171 |
|
| 651 | 4 |
_aRepública Dominicana _xPolítica y gobierno _yEra de Trujillo, 1930-1961 _91374 |
|
| 700 | 1 |
_aEspaillat, José, _eprólogo _944951 |
|
| 710 | 1 |
_aUniversidad Autónoma de Santo Domingo _972951 |
|
| 830 | 0 |
_aPublicaciones de la Universidad Autónoma de Santo Domingo ; 169 _pHistoria y sociedad ; 15 _984962 |
|
| 910 | _aValidado. Control de calidad EMS. | ||
| 942 |
_2ddc _cLBS1 |
||
| 999 |
_c28196 _d28196 |
||